000 00312nam a2200133Ia 4500
005 20251222155131.0
008 251222s9999||||xx |||||||||||||| ||spa||
082 _aSOC. 06
100 _aSANTILLI, Vicente.
245 0 _aLa Liberación de la Mujer
250 _a1ra. ed.
264 _bSalesiana
942 _cLIB
999 _c38796
_d38796